000 00847nam a2200205Ia 4500
003 GCL
008 140319s9999 xx 000 0 ara d
040 _aGCL /
_cGCL
082 0 4 _a361
_bم م
100 1 _aماهر أبوالمعاطى على
245 1 0 _aمقدمة في الخدمة الاجتماعية :
_bمع نماذج تعليم وممارسة المهنة في الدول العربية /
_cماهر أبوالمعاطى على
260 _aالقاهرة :
_bمكتبة النهضة المصرية ،
_c2002
300 _a423 ص ؛
_c22 سم
490 _aسلسلة مجالات وطرق الخدمة الاجتماعية
_v17
650 0 4 _aخدمة الفرد
650 0 4 _aخدمة الجماعة
650 0 4 _aالشئون الاجتماعية
650 0 4 _aالخدمة الاجتماعية - مهنة
942 _2ddc
_cBK
999 _c43418
_d43418